000 00302nam a2200133Ia 4500
005 20260328104247.0
008 260328s9999||||xx |||||||||||||| ||und||
100 _aHenze, Anton
245 0 _aLe Corbusier /
_cAnton Henze
260 _bColloquium
300 _a80 p.
650 _aTEORÍA
942 _cBK
999 _c10117
_d10117